000 00372nam a2200145Ia 4500
008 230711s9999||||xx |||||||||||||| ||und||
041 _aENG
082 _a624
_bMA-T
100 _aMartin,Jason
245 0 _aTransaction processing facility
250 _a2nd
260 _c1990
_aNew Jersy
_bPrentice-Hall of India Private Limited
650 _aCivil Engineering
942 _cBK
999 _c563
_d563